Similar Looking Flags But It’s Really Confusing - Statistics

General Stats
  • This quiz has been taken 113 times
  • The average score is 23 of 32
Answer Stats
Picture Answer % Correct
Ireland
100%
Côte d’Ivoire
95%
Turkey
86%
Romania
85%
Monaco
84%
Indonesia
82%
Qatar
82%
Tunisia
82%
Chad
81%
Bahrain
80%
Luxembourg
78%
Netherlands
77%
Thailand
77%
Andorra
71%
Australia
70%
Costa Rica
70%
New Zealand
70%
Columbia
69%
Moldova
68%
Slovakia
68%
Somalia
68%
Ecuador
67%
Fiji
66%
Slovenia
66%
Cameroon
65%
United States of America
65%
Federated States of Micronesia
62%
Mali
62%
Senegal
62%
Tuvalu
62%
Guinea
61%
Liberia
60%
No matching quizzes found
Score Distribution
Percent of People with Each Score
Percentile by Number Answered
Your Score History
You have not taken this quiz